University Home | Library Home | Institutional Repository

Polymers at interfaces. (Record no. 107461)

MARC details
000 -LEADER
fixed length control field 01294cam4a220030101 4500
001 - CONTROL NUMBER
control field lce00130035
005 - DATE AND TIME OF LATEST TRANSACTION
control field 20190819112351.0
008 - FIXED-LENGTH DATA ELEMENTS--GENERAL INFORMATION
fixed length control field 711217s1971 paua b 101 0 eng
010 ## - LIBRARY OF CONGRESS CONTROL NUMBER
LC control number 76030826 //r91
035 ## - SYSTEM CONTROL NUMBER
System control number (Sirsi) r87035
035 ## - SYSTEM CONTROL NUMBER
System control number (DLC) 76030826 //r91
035 ## - SYSTEM CONTROL NUMBER
System control number (UPRA)lce00130035
040 ## - CATALOGING SOURCE
Original cataloging agency DLC
Transcribing agency DLC
Modifying agency DLC
050 00 - LIBRARY OF CONGRESS CALL NUMBER
Classification number QD471
Item number .J644 no. 34
Classification number QD380
082 00 - DEWEY DECIMAL CLASSIFICATION NUMBER
Classification number 547/.84/08 s
-- 547/.84
245 00 - TITLE STATEMENT
Title Polymers at interfaces.
Statement of responsibility, etc. Edited by Martin J. Schick.
260 ## - PUBLICATION, DISTRIBUTION, ETC.
Place of publication, distribution, etc. [Easton, Pa.]
Name of publisher, distributor, etc. Interscience Publishers
Date of publication, distribution, etc. [1971]
490 1# - SERIES STATEMENT
Series statement Journal of polymer science. Part C: Polymer symposia,
Volume/sequential designation no. 34
500 ## - GENERAL NOTE
General note Twenty-five papers from a symposium held at the 160th national meeting of the American Chemical Society in Chicago, Sept. 15-18, 1970.
504 ## - BIBLIOGRAPHY, ETC. NOTE
Bibliography, etc. note Includes bibliographical references.
650 #0 - SUBJECT ADDED ENTRY--TOPICAL TERM
Topical term or geographic name entry element Polymers -- Congresses.
General subdivision Polymers -- Congresses.
Linkage S12913.1
650 #0 - SUBJECT ADDED ENTRY--TOPICAL TERM
Topical term or geographic name entry element Surface chemistry -- Congresses.
General subdivision Surface chemistry -- Congresses.
Linkage S14309.1
700 1# - ADDED ENTRY--PERSONAL NAME
Personal name Schick, Martin J.
Linkage A46462.1
710 2# - ADDED ENTRY--CORPORATE NAME
Corporate name or jurisdiction name as entry element American Chemical Society.
Linkage A9034.1
830 #0 - SERIES ADDED ENTRY--UNIFORM TITLE
Uniform title Journal of polymer science. Polymer symposia ;
Name of part/section of a work Journal of polymer science. Polymer symposia ;
Volume/sequential designation no. 34
Linkage S7689.1
949 ## - LOCAL PROCESSING INFORMATION (OCLC)
a QD471
w lcc
i -121210
m MAIN
t BOOK
l ON-SHELF

No items available.

© 2026 - The University of Zambia Library - Koha v25.11